[Event "Brandenburg-Berlin 21st"]
[Site "Potsdam"]
[Date "2015.05.03"]
[Round "1"]
[White "Spruta, Norbert"]
[Black "Urban, Hans Rainer"]
[Result "1/2-1/2"]
[WhiteElo "2136"]
[BlackElo "2003"]
[PlyCount "43"]
[EventDate "2015.05.03"]
[EventType "match"]
[EventRounds "1"]
[EventCountry "GER"]
[SourceTitle "EXT 2018"]
[Source "ChessBase"]
[SourceDate "2017.10.13"]
[SourceVersion "1"]
[SourceVersionDate "2017.10.13"]
[SourceQuality "1"]

1. d4 Nf6 2. Nf3 e6 3. e3 c5 4. Bd3 Nc6 5. 0-0 Nb4 6. Be2 b6 7. c4 Bb7 8. Nc3 d6 9. a3 Na6 10. b4 Be7 11. b5 Nc7 12. a4 0-0 13. a5 bxa5 14. dxc5 dxc5 15. Qc2 Nce8 16. e4 Qc7 17. e5 Nd7 18. Bf4 Bf6 19. exf6 Qxf4 20. fxg7 Nxg7 21. Qd2 Qxd2 22. Nxd2 1/2-1/2